Nicaragua: economía mixta y socialista

El proceso de transición que vive Nicaragua es muy especial una peculiaridad importante es el hecho de sostener durante diez años la economía mixta, lo que obliga a preguntarse cual es la modalidad que ha adquirido la construcción del socialismo y su proceso de tansición en este país. Esta situación...

Descrizione completa

Salvato in:
Dettagli Bibliografici
Autore principale: Nazif Astorga, Iván
Ente Autore: Seminario Internacional: La Agricultura Latinoamericana: crisis, transformaciones y perspectivas
Natura: Atti del Convegno
Lingua:Spanish
Pubblicazione: Punta de Tralca, Chile: GIA. CLACSO, 1988
Soggetti:
Tags: Aggiungi Tag
Nessun Tag, puoi essere il primo ad aggiungerne!!

MARC

LEADER 00000 a a2200000 04500
001 1912
003 cru IIS
005 20220208125626.0
008 220208b |||||||| |||| 00| 0 spa d
040 |c cru IIS 
090 |a 10408.00 
100 1 |a Nazif Astorga, Iván  
245 1 |a Nicaragua:  |b economía mixta y socialista  
260 |a Punta de Tralca, Chile:   |b GIA. CLACSO,  |c 1988 
300 |a 11 p  
500 |a Colección Centroamérica 
520 |a El proceso de transición que vive Nicaragua es muy especial una peculiaridad importante es el hecho de sostener durante diez años la economía mixta, lo que obliga a preguntarse cual es la modalidad que ha adquirido la construcción del socialismo y su proceso de tansición en este país. Esta situación invita además a un análisis profundo sobre la conceptualización utilizada hasta ahora en el análisis del socialismo. También influye en este pensamiento los cambios en la Unión Soviética, en China y el papel de Fidel Castro en la búsqueda de la solución de la deuda externa. En Nicragaua el estado puede seguir operando discrecionalmente fortaleciendo tendencias de crecimiento y distribución. Respecto al mercado este puede ser regulado promoviendo que las relaciones puedan establecerse de forma transparente como un intento de superar el fetichismo mercantil. Es importante que en la economía disminuya la ideologización de su manejo y que se busque adhesión a la causa común en favor de los sectores populares. Podemos decir que Nicaragua es la virtualidad de lo que puede ser una propuesta de organización que sin transitar por todos lo cambios formulados teóricamente pueda ser una experiencia socialista. Actualmente una tarea básica es reinterpretar la historia transformando las categorías analíticas y que la solución no es adoptar el capitalismo y sus categorías analíticas, hacer esto no sería justo con la historia del pensamiento socialista, la que exige debate y nuevas proposiciones. MR/JM  
650 |a ECONOMIA MIXTA  
650 |a SOCIALISMO  
711 2 |9 9492  |a Seminario Internacional: La Agricultura Latinoamericana: crisis, transformaciones y perspectivas.  |c Punta de Tralca, Chile,  |d 1988 septiembre 1-4 
942 |2 ddc  |c LI 
999 |c 13790  |d 13790